عرض عادي
عرض مارك
- SCIENCE / Solid State Physics
مدخل مصطلح موضوعي
001 - رقم الضبط
- حقل الضبط: 46179
003 - معرف رقم الضبط
- حقل الضبط: OSt
005 - تاريخ ووقت أخر عملية
- حقل الضبط: 20140709130332.0
008 - عناصر بيانات ثابتة الطول
- حقل تحكم ثابت الطول: 140709|||a|||||| | ||| d
040 ## - مصدر الفهرسة
- هيئة الفهرسة الأصلية: OSt
- وكالة الكتابة: OSt
150 ## - مدخل-- مصطلح تاريخي
- عنصر مدخل المصطلح الموضوعي او الاسم الجغرافي: SCIENCE / Solid State Physics
670 ## - بيانات المصدر موجوده
- الاستشهاد بالمصدر: Work cat.: (OSt)0: McCluskey, Matthew D. 46176, Dopants and defects in semiconductors /, 2012.
